Merrill-Palmer Quarterly (1954-1958)

محفوظ في:

التنسيق: دورية

اللغة: Undetermined

منشور في: JSTOR
Wayne State University Press

الموضوعات:

الوصول للمادة أونلاين: Login to view Source

الوسوم: إضافة وسم

لا توجد وسوم, كن أول من يضع وسما على هذه التسجيلة!

رقم الطلب:

LEADER 00557nas a2200181Ia 4500
008 220214c99999999xx |||||||||||| ||und||
022 |a 0272-9679 
245 0 0 |a Merrill-Palmer Quarterly (1954-1958) 
264 1 |b JSTOR 
264 1 |b Wayne State University Press 
362 0 |a Vol. 1(1954)-4 (1958) 
653 1 0 |a Psychology 
653 1 0 |a Social Sciences 
653 1 0 |a Social Work 
856 4 0 |u https://www.jstor.org/journal/merrpalmquar1954 
942 |c JL 
952 |0 0  |1 0  |4 0  |7 1  |9 36195  |a JSR  |b JSR  |d 2022-02-14  |l 0  |r 2022-02-14 00:00:00  |w 2022-02-14  |y JL 
999 |c 44528  |d 44528